Science Quiz

Random Science Quiz

Smart phones Quiz Stats

 Plays Quiz not verified by Sporcle

Also try: Next Number
Challenge
Share
Tweet
Embed
Score 0/15 Timer 10:00
0 Plays Today
Question Answer Wrong Answers
what is the phone with an apple on it. iphone
100%
android
0%
metoro
0%
blackberry
0%
whats the name of the new google phone the pixel
87%
the sensation
0%
the dixle
4.3%
there is no such thing
8.7%
whats the little robot called with the htc devices. android
87%
carl
8.7%
frank
4.3%
dave
0%
whats the hottest smart phone out there right now iphone
87%
htc
0%
samsung
13%
what is the iphone chargers called lightning cables
82.6%
chord thingys
8.7%
thunder cables
8.7%
who was the creator of apple steve jobs
82.6%
jake ronald
4.3%
jake from state farm
13%
what phone companies have a contract with apple all of the above
69.6%
tmobile
13%
at&t
8.7%
verizon
8.7%
whats the highest data plan you can have on your phone LTE
56.5%
4G
43.5%
3G
0%
E
0%
the founder of Samsung lee byung-chul
52.2%
jake davenport
8.7%
james carter
21.7%
jo jo brinkamire
17.4%
what year was the iphone 7 invented 2017
39.1%
2016
43.5%
2015
17.4%
2014
0%
who founded tmobile. deutsche telekom
39.1%
james donald
43.5%
franky v telekom
17.4%
which carrier has the best service verizon
39.1%
at&t
52.2%
sprent
0%
tmobile
8.7%
when was Samsung founded 1938
34.8%
1940
26.1%
1967
21.7%
2000
17.4%
whats the biggest smart phone today. the galaxy s8
30.4%
the note
34.8%
iphone 7 plus
34.8%
founder of sprint cleyson l. brown/ jacob brown
26.1%
james newler
52.2%
lemelo ball
8.7%
james carter
13%

You're not logged in!

Compare scores with friends on all Sporcle quizzes.
Join for Free
OR
Log In

You Might Also Like...

Show Comments

Extras

Created May 30, 2017ReportNominate
Tags:phone, smart

Top Quizzes Today


Score Distribution

Your Account Isn't Verified!

In order to create a playlist on Sporcle, you need to verify the email address you used during registration. Go to your Sporcle Settings to finish the process.

Report this User

Report this user for behavior that violates our Community Guidelines.

Details: